|
|
|
|
| LEADER |
00000nab#a22000007a#4500 |
| 001 |
arbauad037189 |
| 003 |
AR-BaUAD |
| 005 |
20250711112928.0 |
| 008 |
990612|||||||||###||||||b###|0###a|spa|| |
| 040 |
|
|
|a AR-BaUAD
|c AR-BaUAD
|b spa
|
| 100 |
|
|
|a Baule, Giovanni
|
| 245 |
|
|
|a Verso l'ipersigla /
|c Giovanni Baule;
|
| 300 |
0 |
|
|b il.
|
| 500 |
|
|
|a Videográfica del programa Mediamente de Renato Parascandolo, de la Rai Educacional.
|
| 653 |
|
|
|a DISEÑO GRAFICO
|
| 653 |
|
|
|a TELEVISION
|
| 653 |
|
|
|a IMAGENES DIGITALES
|
| 653 |
|
|
|a RAI
|
| 653 |
|
|
|a ITALIA
|
| 653 |
|
|
|a ESTUDIOS DE DISEÑO
|
| 653 |
|
|
|a CONVERTINO
|
| 773 |
0 |
|
|t LINEA GRAFICA
|g no. 321 [may.-jun. 1999], p. 14-25
|
| 942 |
|
|
|c ARTI
|
| 952 |
|
|
|0 0
|1 0
|4 0
|7 0
|9 82108
|a AR-BAuAD
|b AR-BAuAD
|d 2025-07-11
|l 0
|p AAQA037189
|r 2025-07-11 11:29:28
|w 2025-07-11
|y ARTI
|
| 990 |
|
|
|a DG199
|b TD
|
| 998 |
|
|
|a AAQ
|b BIBUN76
|
| 999 |
|
|
|c 61781
|d 61781
|